000 00284nam a22001337a 4500
008 170420b xxu||||| |||| 00| 0 eng d
020 _a9780878932191
041 _aeng
080 _24TH
_a573
100 _a11
101 _aSHM
245 _aTHE CELL
_cCOOPER, G.M
942 _2udc
_cBK
999 _c11323
_d11323